[Event "Berlin Spandau op"]
[Site "Berlin"]
[Date "2019.12.27"]
[Round "2"]
[White "Troyke, Jannis"]
[Black "Hansch, Karsten"]
[Result "0-1"]
[WhiteElo "1827"]
[BlackElo "2272"]
[PlyCount "74"]
[EventDate "2019.12.27"]
[EventType "swiss"]
[EventRounds "7"]
[EventCountry "GER"]
[SourceTitle "CBM 194 Extra"]
[Source "ChessBase"]
[SourceDate "2020.03.31"]
[SourceVersion "1"]
[SourceVersionDate "2020.03.31"]
[SourceQuality "1"]

1. e4 c6 2. d4 d5 3. Nd2 dxe4 4. Nxe4 Bf5 5. Ng3 Bg6 6. h4 h6 7. Nf3 e6 8. Ne5 Bh7 9. Bd3 Bxd3 10. Qxd3 Nd7 11. f4 Nxe5 12. fxe5 Be7 13. h5 Qd5 14. Qe4 f5 15. Qxd5 cxd5 16. Ne2 Bg5 17. g4 Ne7 18. Rg1 0-0 19. Bxg5 hxg5 20. gxf5 Rxf5 21. Rg4 Kh7 22. Kd2 Kh6 23. Rh1 Raf8 24. Ke1 Rf3 25. c3 R8f5 26. b3 Nc6 27. Rg2 Nd8 28. Rgg1 Rd3 29. Rg4 Nf7 30. Rgg1 Rff3 31. Rg2 Kh7 32. Rhh2 Kg8 33. Rh1 Rfe3 34. Rf1 Rxc3 35. Kd2 Red3+ 36. Ke1 Rc2 37. Rgf2 Rxa2 0-1

[Event "Mecklenburg VP Verbandsliga 1920"]
[Site "Mecklenburg VP"]
[Date "2019.12.08"]
[Round "4.2"]
[White "Troyke, Jannis"]
[Black "Ruesch, Hans Joachim"]
[Result "1/2-1/2"]
[WhiteElo "1772"]
[BlackElo "2056"]
[PlyCount "120"]
[EventDate "2019.09.29"]
[EventType "team-tourn"]
[EventRounds "9"]
[EventCountry "GER"]
[SourceTitle "EXT 2023"]
[Source "ChessBase"]
[SourceDate "2022.10.05"]
[SourceVersion "1"]
[SourceVersionDate "2022.10.05"]
[SourceQuality "1"]
[WhiteTeam "Greifswald II"]
[BlackTeam "Rostock Turbine"]
[WhiteTeamCountry "GER"]
[BlackTeamCountry "GER"]

1. e4 g6 2. d4 Bg7 3. Nc3 d6 4. f4 Nc6 5. Be3 Nf6 6. Nf3 0-0 7. Be2 Ng4 8. Bg1 e5 9. d5 Nb8 10. h3 Nf6 11. fxe5 dxe5 12. Be3 c6 13. 0-0 cxd5 14. exd5 e4 15. Ne5 Qe7 16. Nc4 Rd8 17. d6 Qe6 18. Nb5 Ne8 19. Bxa7 Rxa7 20. Nxa7 Bd7 21. Qd2 b5 22. Ne3 Nxd6 23. Nxb5 Nxb5 24. Bxb5 Qb6 25. Bxd7 Rxd7 26. Qe2 Nc6 27. Kh1 Qxb2 28. Qc4 Qb7 29. Rab1 Qc7 30. Qxe4 Re7 31. Qf3 Rd7 32. Nd5 Qd6 33. Nf6+ Bxf6 34. Qxf6 Qc7 35. Rfe1 Rd8 36. Re4 Qd7 37. Rbe1 Rf8 38. Qf2 Nd8 39. a4 Ne6 40. Qe3 Ra8 41. Ra1 Ng7 42. Re7 Qd6 43. Rxf7 Kxf7 44. Qf3+ Nf5 45. Qxa8 Ng3+ 46. Kg1 Qd4+ 47. Kh2 Qxa1 48. Qb7+ Kf6 49. Qc6+ Kg5 50. Kxg3 h5 51. Qc5+ Kh6 52. a5 Qe1+ 53. Kh2 Qe2 54. c4 Qa2 55. Qc7 h4 56. c5 Qa3 57. c6 Qa4 58. Qd6 Qxa5 59. c7 Qf5 60. Qd8 Qe5+ 1/2-1/2

[Event "Mecklenburg VP VL1819"]
[Site "Mecklenburg VP"]
[Date "2019.02.24"]
[Round "6.6"]
[White "Hartzendorf, Jonathan"]
[Black "Troyke, Jannis"]
[Result "1-0"]
[WhiteElo "1773"]
[BlackElo "1895"]
[PlyCount "91"]
[EventDate "2018.10.21"]
[EventType "team-tourn"]
[EventRounds "9"]
[EventCountry "GER"]
[SourceTitle "EXT 2022"]
[Source "ChessBase"]
[SourceDate "2021.10.06"]
[SourceVersion "1"]
[SourceVersionDate "2021.10.06"]
[SourceQuality "1"]
[WhiteTeam "Rostock SSC 07"]
[BlackTeam "Greifswald II"]
[WhiteTeamCountry "GER"]
[BlackTeamCountry "GER"]

1. c4 c5 2. Nc3 g6 3. g3 Bg7 4. Bg2 Nc6 5. Nf3 d6 6. 0-0 Nf6 7. d3 a6 8. Rb1 Rb8 9. a4 0-0 10. Ne1 Nb4 11. Nc2 Bd7 12. Bd2 Bc6 13. Nxb4 Bxg2 14. Kxg2 cxb4 15. Ne4 a5 16. Qc1 Qc7 17. f3 Rfd8 18. Nxf6+ Bxf6 19. Bg5 Bg7 20. Qe3 b3 21. Qc1 d5 22. Bf4 e5 23. Bg5 f6 24. Bh6 dxc4 25. Bxg7 Kxg7 26. Rd1 Rd4 27. e3 Rd6 28. dxc4 Rxd1 29. Qxd1 Qxc4 30. Qd7+ Kg8 31. Rd1 Qe2+ 32. Kh3 Rf8 33. Qe6+ Kh8 34. Qe7 Kg8 35. Rd7 Qf1+ 36. Kh4 Qc4+ 37. e4 Rf7 38. Qd8+ Rf8 39. Qe7 Rf7 40. Qd8+ Rf8 41. Qxa5 g5+ 42. Kh5 Qf1 43. Qd5+ Kh8 44. Qe6 Qxf3+ 45. Kh6 Qxe4 46. Qxf6+ 1-0

[Event "Mecklenburg VP-ch U16"]
[Site "Malchow"]
[Date "2019.02.02"]
[Round "1.2"]
[White "Troyke, Jannis"]
[Black "Johlke, Lorenz"]
[Result "0-1"]
[WhiteElo "1815"]
[BlackElo "1602"]
[PlyCount "50"]
[EventDate "2019.02.02"]
[EventType "swiss"]
[EventRounds "7"]
[EventCountry "GER"]
[SourceTitle "EXT 2022"]
[Source "ChessBase"]
[SourceDate "2021.10.06"]
[SourceVersion "1"]
[SourceVersionDate "2021.10.06"]
[SourceQuality "1"]

1. e4 e5 2. Nf3 f5 3. exf5 e4 4. Nd4 Nf6 5. d3 d5 6. dxe4 dxe4 7. Bc4 Bc5 8. Be3 Bxd4 9. Bxd4 Nc6 10. Bxf6 Qxd1+ 11. Kxd1 gxf6 12. g4 Ne5 13. Re1 Bd7 14. Nd2 0-0-0 15. Rxe4 Bc6 16. Rf4 Nf3 17. Bd3 Ne5 18. Ke2 Rhe8 19. Ne4 Nf7 20. Kf1 Bxe4 21. Rxe4 Ne5 22. Rae1 Rg8 23. Be2 Rd2 24. h3 Rxc2 25. f4 Nc6 0-1

[Event "Berlin Spandau op"]
[Site "Berlin"]
[Date "2018.12.29"]
[Round "6"]
[White "Puuska, Heini"]
[Black "Troyke, Jannis"]
[Result "1-0"]
[WhiteElo "1952"]
[BlackElo "1815"]
[PlyCount "54"]
[EventDate "2018.12.27"]
[EventType "swiss"]
[EventRounds "7"]
[EventCountry "GER"]
[SourceTitle "CBM 188 Extra"]
[Source "ChessBase"]
[SourceDate "2019.02.26"]
[SourceVersion "1"]
[SourceVersionDate "2019.02.26"]
[SourceQuality "1"]

1. d4 Nf6 2. Nf3 c5 3. e3 cxd4 4. exd4 d5 5. Bd3 Nc6 6. h3 g6 7. 0-0 Bg7 8. c3 Qc7 9. Re1 0-0 10. Nbd2 b6 11. Nf1 Bb7 12. Ng3 Nd7 13. Bc2 Rfe8 14. Bg5 Rac8 15. Rc1 e5 16. dxe5 Ncxe5 17. Nd4 Nc4 18. b3 h6 19. Nb5 Rxe1+ 20. Qxe1 Qc5 21. Nxa7 Ra8 22. Be7 Bxc3 23. Qxc3 Qxe7 24. bxc4 Rxa7 25. Re1 Qf6 26. Re8+ Kg7 27. Qd3 Ne5 1-0

[Event "Youth District Germany"]
[Site "Wuerzburg"]
[Date "2018.10.05"]
[Round "5.3"]
[White "Evering, Soeren"]
[Black "Troyke, Jannis"]
[Result "1-0"]
[WhiteElo "1793"]
[BlackElo "1924"]
[PlyCount "51"]
[EventDate "2018.10.02"]
[EventType "team-swiss"]
[EventRounds "7"]
[EventCountry "GER"]
[SourceTitle "CBM 186 Extra"]
[Source "ChessBase"]
[SourceDate "2018.08.24"]
[SourceVersion "1"]
[SourceVersionDate "2018.08.24"]
[SourceQuality "1"]
[WhiteTeam "Niedersachsen/SG Bremen U20"]
[BlackTeam "Mecklenburg-Vorpommern U20"]
[WhiteTeamCountry "GER"]
[BlackTeamCountry "GER"]

1. e4 c5 2. Nf3 d6 3. d4 cxd4 4. Nxd4 Nf6 5. Nc3 g6 6. Be3 Bg7 7. f3 0-0 8. Bc4 Nc6 9. Bb3 Bd7 10. h4 Na5 11. Qd2 Rb8 12. h5 Nxb3 13. axb3 a6 14. Bh6 Bxh6 15. Qxh6 Nxh5 16. g4 f6 17. 0-0-0 Qa5 18. gxh5 g5 19. b4 Qe5 20. Nde2 Rf7 21. Rd5 Qe6 22. Nd4 Qh3 23. Rxh3 Bxh3 24. Nf5 e6 25. Rxd6 exf5 26. Rxf6 1-0

[Event "Rostock SSC op 16th"]
[Site "Rostock"]
[Date "2017.07.26"]
[Round "1"]
[White "Reyer, Ulli"]
[Black "Troyke, Jannis"]
[Result "1/2-1/2"]
[WhiteElo "2158"]
[BlackElo "1749"]
[PlyCount "31"]
[EventDate "2017.07.26"]
[EventType "swiss"]
[EventRounds "7"]
[EventCountry "GER"]
[SourceTitle "EXT 2018"]
[Source "ChessBase"]
[SourceDate "2017.10.13"]
[SourceVersion "1"]
[SourceVersionDate "2017.10.13"]
[SourceQuality "1"]

1. e4 c5 2. Nf3 d6 3. Bb5+ Nd7 4. 0-0 a6 5. Bd3 Ngf6 6. c3 e6 7. Bc2 Be7 8. d4 cxd4 9. cxd4 0-0 10. e5 Ne8 11. Qd3 g6 12. Nc3 Nb8 13. Bh6 Ng7 14. Qd2 Nc6 15. Rad1 Qb6 16. Bb1 1/2-1/2

[Event "GER-ch U25-A"]
[Site "Willingen"]
[Date "2017.06.07"]
[Round "6"]
[White "Tresch, Lukas"]
[Black "Troyke, Jannis"]
[Result "1-0"]
[WhiteElo "1963"]
[BlackElo "1747"]
[PlyCount "49"]
[EventDate "2017.06.04"]
[EventType "swiss"]
[EventRounds "9"]
[EventCountry "GER"]
[SourceTitle "CBM 178 Extra"]
[Source "ChessBase"]
[SourceDate "2017.06.22"]
[SourceVersion "1"]
[SourceVersionDate "2017.06.22"]
[SourceQuality "1"]

1. e4 c5 2. Nf3 d6 3. d4 cxd4 4. Nxd4 Nf6 5. Nc3 g6 6. Be3 Bg7 7. f3 0-0 8. Qd2 Nc6 9. g4 Bd7 10. h4 h5 11. g5 Ne8 12. 0-0-0 a6 13. Nd5 e6 14. Nc3 b5 15. Kb1 Ne5 16. f4 Nc4 17. Bxc4 bxc4 18. f5 e5 19. f6 exd4 20. fxg7 Nxg7 21. Bxd4 Bg4 22. Rdf1 Ne6 23. Nd5 Re8 24. Nf6+ Kf8 25. Nxe8 1-0